| 000 | 00490cam a2200181 4500 | ||
|---|---|---|---|
| 001 | D13577 | ||
| 008 | 090401t1923 xxu||||| |||| 00| 0 eng d | ||
| 035 | _a(Sirsi) u10486 | ||
| 041 | _aeng | ||
| 100 | _aParry, Richard | ||
| 245 | _aBook-keeping: an elementary text book for the use of surveyors, land and estate agents et al | ||
| 260 |
_aLondon _bEstates Gazette _c1923 |
||
| 350 | _a0 | ||
| 520 | _aShelf 133 | ||
| 700 | _aShott, Cecil Douglas | ||
| 942 | _n0 | ||
| 948 | _c04/03/1997 | ||
| 999 |
_c86748 _d86748 |
||